000 00703nam a2200289Ia 4500
005 20260324121101.0
008 008 260324s9999 xx 000 0 eng d
020 _a9781315612058
037 _aEBOOK
040 _aCRL
040 _beng
040 _cCRL
041 _2eng
041 _aeng
084 _qCRL
100 _aMiren Larrea; James Karlsen
_91161129
245 0 _aTerritorial Development and Action Research
245 0 _bInnovation Through Dialogue
260 _bTaylor and Francis
260 _c2014
365 _a
365 _b255
856 _uhttp://www.taylorfrancis.com/books/9781315612058
942 _cEBOOK
999 _c1753002
_d1753002